| 000 | 01001naa a22003257a 4500 | ||
|---|---|---|---|
| 001 | BR8800701 | ||
| 003 | BR-BrBNA | ||
| 005 | 20240918175940.0 | ||
| 007 | ta | ||
| 008 | 230509b bl.||||| |||| 00| 0 por d | ||
| 040 |
_aBR-BrBNA _bpor _cBiblioteca Nacional de Agricultura |
||
| 041 | _a(Pt) | ||
| 072 |
_aH20 _b0430 _b3575 _b4110 _b4120 |
||
| 090 | _aH20 BR8800701 | ||
| 100 | 1 | _aPizzinatto, M.A. | |
| 245 | 1 | _aTestes de sanidade de sementes de algodao | |
| 260 | 3 |
_aCampinas, SP (Brasil): _c1987. |
|
| 500 | _aPatologia de sementes Campinas, SP (Brasil): 1987. p. 331-346 (BR8800701-AM)H20 | ||
| 650 | _aALGODAO | ||
| 650 | _aSEMENTE | ||
| 650 | _aMANCHA ANGULAR | ||
| 650 | _aANTRACNOSE | ||
| 650 | _aMURCHA DE VERTICILLIUM | ||
| 650 | _aSUPERBROTAMENTO | ||
| 650 | _aVARIEDADE RESISTENTE | ||
| 650 | _aCONTROLE QUIMICO | ||
| 773 | 0 |
_tPatologia de sementes _w3575 BR8800688 _gCampinas, Sp (Brasil), 1987. _q480 p. |
|
| 909 |
_a202404 _bLucia _c55 _dLucia Elande |
||
| 942 |
_cAM _2AGRIS |
||
| 999 |
_c318931 _d318931 |
||